000
00295nam a2200145Ia 4500
100
_a
Caster C.F
650
_a
General
942
_c
BK
654
_a
Innovation
245
_a
Investment in Innovation
260
_b
Macdonallds
_c
2001
082
_a
658.1
300
_a
125
546
_a
ENGLISH
999
_c
35720
_d
35720